Intercultural Management <A> Case-Based Approach to Achieving Complementarity and Synergy
Guardado en:
| Otros Autores: | , |
|---|---|
| Formato: | Libro |
| Lenguaje: | inglés |
| Publicado: |
London
Palgrave
2016
|
| Materias: | |
| Etiquetas: |
Sin Etiquetas, Sea el primero en etiquetar este registro!
|
MARC
| LEADER | 00000nam a2200000 4500 | ||
|---|---|---|---|
| 001 | 0246917 | ||
| 005 | 20240425121119.5 | ||
| 020 | |a 9781137027375 | ||
| 020 | |a 978-1-137-02737-5 | ||
| 041 | 0 | |a eng | |
| 044 | |a GB | ||
| 245 | 1 | 0 | |a Intercultural Management |b <A> Case-Based Approach to Achieving Complementarity and Synergy |c Edited by: Christoph Barmeyer and Peter Franklin |
| 264 | 1 | |a London |b Palgrave |c 2016 | |
| 300 | |a 344 s. | ||
| 610 | 2 | 0 | |a multikulturalizmus |
| 610 | 2 | 0 | |a kultúra |
| 610 | 2 | 0 | |a diverzita |
| 610 | 2 | 0 | |a manažment medzinárodný |
| 610 | 2 | 0 | |a manažment interkultúrny |
| 610 | 2 | 0 | |a vedenie ľudí |
| 610 | 2 | 0 | |a rozhodovanie |
| 610 | 2 | 0 | |a etika |
| 610 | 2 | 0 | |a inteligencia |
| 610 | 2 | 0 | |a pracovisko |
| 610 | 2 | 0 | |a podnik multinacionálny |
| 610 | 2 | 0 | |a kompetencie |
| 610 | 2 | 0 | |a štúdie prípadové |
| 610 | 2 | 0 | |a offshoring |
| 610 | 2 | 0 | |a kompletizácia |
| 610 | 2 | 0 | |a synergia |
| 700 | 1 | |a Barmeyer, Christoph | |
| 700 | 1 | |a Franklin, Peter | |